000 00472nam a22001817a 4500
005 20230821120907.0
008 230818b |||||||| |||| 00| 0 eng d
020 _a978-93-93330-01-7
041 _aeng
082 _a616.01 KAN-A
100 _aKANUNGO, REBA
_98156
245 _aANANTHANARAYAN AND PANIKIR'S TEXTBOOK OF MICROBIOLOGY
250 _a12TH, ED. 2022
260 _aHYDERABAD
_bUNIVERSITY PRESS
_c2022
300 _a658;P
650 _aBPT
_98157
942 _cBK
999 _c8408
_d8406